E-commerce : Strategy, technologies and applications

This book looks at all three of these e-commerce technologies: EDI, electronic markets and internet e-commerce.

محفوظ في:
التفاصيل البيبلوغرافية
المؤلف الرئيسي: Whiteley, David
التنسيق: كتاب
اللغة:Undetermined
منشور في: Boston McGraw-Hill 2004
الموضوعات:
الوسوم: إضافة وسم
لا توجد وسوم, كن أول من يضع وسما على هذه التسجيلة!
Thư viện lưu trữ: Trung tâm Học liệu Trường Đại học Cần Thơ
LEADER 00791nam a2200241Ia 4500
001 CTU_154014
008 210402s9999 xx 000 0 und d
020 |c 50.7 
082 |a 658.84 
082 |b W594 
100 |a Whiteley, David 
245 0 |a E-commerce : 
245 0 |b Strategy, technologies and applications 
245 0 |c David Whiteley 
260 |a Boston 
260 |b McGraw-Hill 
260 |c 2004 
520 |a This book looks at all three of these e-commerce technologies: EDI, electronic markets and internet e-commerce. 
526 |a Thương mại điện tử - CNTT 
526 |b CT272 
650 |a Business enterprises,Electronic commerce,Computer network resources 
904 |i Bạch Trúc 
980 |a Trung tâm Học liệu Trường Đại học Cần Thơ